Statistics for Major World Cities in Russian

Click here to take the quiz!

General Stats

  • This quiz has been taken 53 times
  • The average score is 9 of 10

Answer Stats

RussianEnglish% Correct
МоскваMoscow
100%
ТокиоTokyo
100%
ТоронтоToronto
95%
ЛондонLondon
89%
Нью-ЙоркNew York
86%
ПарижParis
84%
СтамбулIstanbul
82%
ИерусалимJerusalem
82%
СиднейSydney
82%
ШанхайShanghai
80%

Score Distribution

Percentile by Number Answered

Percent of People with Each Score

Your Score History

You have not taken this quiz